000 00509nam a2200193Ia 4500
999 _c46385
_d46385
001 13221
003 GE_BSU
005 20220926150723.0
008 181216s1992||||enk|||||||||||||| ||eng||
020 _a0140167773
040 _cGE_BSU
080 _a821.111-3 T-21
100 _aTartt, Donna
_914811
245 4 _aThe secret history /
_cDonna, Tartt.
264 _aLondon:
_bPenguin Books,
_c1992.
300 _a628 p.;
_b20 cm.
653 _aსაიდუმლო ისტორია
942 _cBK
_2udc